Influence of a cell-wall-associated protease on production of alpha-amylase by bacillus subtilis /

Đã lưu trong:
Bibliografiske detaljer
Hovedforfatter: Stephenson, Keith.
Andre forfattere: Harwood, Colin R.
Format: Bài viết
Sprog:English
Fag:
Tags: Tilføj Tag
Ingen Tags, Vær først til at tagge denne postø!
Thư viện lưu trữ: Thư viện Trường Đại học Đà Lạt
LEADER 00951nam a2200301 4500
001 DLU090091638
005 ##20091201
040 # # |a DLU  |b eng 
041 # # |a eng 
044 # # |a us 
100 # # |a Stephenson, Keith. 
245 # # |a Influence of a cell-wall-associated protease on production of alpha-amylase by bacillus subtilis /  |c Keith Stephenson, Colin R. Harwood. 
653 # # |a Bacillus licheniformis 
653 # # |a Bacillus subtilis  
653 # # |a Extracellular 
653 # # |a Gene expression 
653 # # |a Recombinant protein 
700 # # |a Harwood, Colin R. 
773 # # |t Applied and Environmental Microbiology  |g Vol. 64, no. 8 (August 1998), p. 2875-2881 
920 # # |a Phòng Tạp chí -- Trung tâm Thông tin - Thư viện Trường Đại học Đà Lạt 
994 # # |a DLU 
900 # # |a True 
911 # # |a Trương Bảo Trâm Anh 
925 # # |a G 
926 # # |a A 
927 # # |a BB 
980 # # |a Thư viện Trường Đại học Đà Lạt